Normal view
MARC view
Entry Topical Term
001 - CONTROL NUMBER
- control field: 11435
003 - CONTROL NUMBER IDENTIFIER
- control field: HDC
005 - DATE AND TIME OF LATEST TRANSACTION
- control field: 20230624073345.0
008 - FIXED-LENGTH DATA ELEMENTS
- fixed length control field: 210206|| aca||aabn | a|a d
040 ## - CATALOGING SOURCE
- Original cataloging agency: HDC
- Transcribing agency: HDC
150 ## - HEADING--TOPICAL TERM
- General subdivision: Agri-Food & Veterinary Authority of Singapore (AVA)
670 ## - SOURCE DATA FOUND
- Source citation: Work cat.: (HDC): Gim Hin Lee Pte Ltd Appoints Consulus for Business and Brand Innovation
